[Event "SWE Cup"]
[Site "Sweden"]
[Date "2017.01.14"]
[Round "4.1"]
[White "Lauritzson, Peter"]
[Black "Nyberg, Ulf"]
[Result "0-1"]
[WhiteElo "2133"]
[BlackElo "2144"]
[PlyCount "94"]
[EventDate "2017.01.14"]
[EventType "team-tourn"]
[EventRounds "9"]
[EventCountry "SWE"]
[SourceTitle "EXT 2018"]
[Source "ChessBase"]
[SourceDate "2017.10.13"]
[SourceVersion "1"]
[SourceVersionDate "2017.10.13"]
[SourceQuality "1"]
[WhiteTeam "Orgryte"]
[BlackTeam "Kamraterna"]
[WhiteTeamCountry "SWE"]
[BlackTeamCountry "SWE"]

1. Nf3 d5 2. c4 d4 3. e3 Nc6 4. b4 dxe3 5. fxe3 Nxb4 6. d4 e5 7. a3 e4 8. Ne5 Nc6 9. Qa4 Bd7 10. Nxd7 Qxd7 11. Nc3 Nf6 12. Rb1 Nd8 13. Qc2 Qg4 14. Nb5 Bd6 15. c5 Bxh2 16. Be2 Bg3+ 17. Kd1 Qg6 18. Rh3 0-0 19. Nc3 c6 20. Bc4 Re8 21. Bd2 Bc7 22. Be1 b6 23. cxb6 axb6 24. Bh4 Nd5 25. Bxd5 cxd5 26. Nxd5 Qh5+ 27. Kd2 Qxd5 28. Qxc7 Ne6 29. Qxb6 Rxa3 30. Rb2 f5 31. Bg3 f4 32. Bxf4 Nxf4 33. exf4 e3+ 34. Ke1 Ra1+ 35. Rb1 Rxb1+ 36. Qxb1 Qa5+ 37. Ke2 Qd2+ 38. Kf3 Qf2+ 39. Kg4 Qxg2+ 40. Rg3 Qd5 41. Rg1 e2 42. Re1 Qg2+ 43. Kh4 Qh2+ 44. Kg4 Qg2+ 45. Kh4 g5+ 46. Kh5 Qh3+ 47. Kxg5 h6+ 0-1

[Event "SWE-chT 1516 Superettan"]
[Site "Sweden"]
[Date "2016.01.30"]
[Round "5"]
[White "Lauritzson, Peter"]
[Black "Lindahl, Jonas"]
[Result "1-0"]
[WhiteElo "2115"]
[BlackElo "2116"]
[PlyCount "115"]
[EventDate "2015.11.06"]
[EventType "team-tourn"]
[EventRounds "9"]
[EventCountry "SWE"]
[SourceTitle "EXT 2018"]
[Source "ChessBase"]
[SourceDate "2017.10.13"]
[SourceVersion "1"]
[SourceVersionDate "2017.10.13"]
[SourceQuality "1"]
[WhiteTeam "Orgryte"]
[BlackTeam "Malmo"]
[WhiteTeamCountry "SWE"]
[BlackTeamCountry "SWE"]

1. Nf3 g6 2. g3 Bg7 3. d4 d6 4. Bg2 Nd7 5. 0-0 e5 6. c4 Ne7 7. Nc3 0-0 8. e4 exd4 9. Nxd4 Ne5 10. b3 N7c6 11. Nde2 f5 12. f4 Ng4 13. h3 Nf6 14. e5 dxe5 15. Ba3 Re8 16. fxe5 Rxe5 17. Nf4 Bd7 18. Qd2 Be8 19. Nfd5 Bf7 20. Rad1 Re8 21. Qf2 Qc8 22. Nxf6+ Bxf6 23. Nd5 Bg7 24. Kh2 Kh8 25. Bb2 Ne5 26. Rfe1 c6 27. Nf4 Qc7 28. Re2 Rad8 29. Rxd8 Qxd8 30. Qe1 Qb8 31. Qa1 Qd6 32. c5 Qxc5 33. Rxe5 Bxe5 34. Nd3 Qe3 35. Nxe5 Kg8 36. Nd7 Bd5 37. Nf6+ Kf8 38. Nxd5 cxd5 39. Bg7+ Ke7 40. Qf6+ Kd7 41. Bxd5 Re7 42. Bxb7 Qe6 43. Qd4+ Kc7 44. Bg2 Kc8 45. Bh6 Qd7 46. Qc4+ Qc7 47. Qa6+ Kd7 48. Qb5+ Kc8 49. Bf4 Qb6 50. Qc4+ Kd7 51. Qd5+ Kc8 52. Bg5 Re1 53. Qg8+ Kd7 54. Qxh7+ Kc8 55. Qg8+ Kd7 56. Qd5+ Ke8 57. h4 Re6 58. a4 1-0

[Event "SWE-chT 1516 Superettan"]
[Site "Sweden"]
[Date "2015.11.07"]
[Round "2"]
[White "Lauritzson, Peter"]
[Black "Dadabaev, Janybek"]
[Result "1-0"]
[WhiteElo "2115"]
[BlackElo "1943"]
[PlyCount "71"]
[EventDate "2015.11.06"]
[EventType "team-tourn"]
[EventRounds "9"]
[EventCountry "SWE"]
[SourceTitle "EXT 2018"]
[Source "ChessBase"]
[SourceDate "2017.10.13"]
[SourceVersion "1"]
[SourceVersionDate "2017.10.13"]
[SourceQuality "1"]
[WhiteTeam "Orgryte"]
[BlackTeam "Stockholm Rockaden II"]
[WhiteTeamCountry "SWE"]
[BlackTeamCountry "SWE"]

1. Nf3 c5 2. g3 Nf6 3. Bg2 Nc6 4. d4 cxd4 5. Nxd4 g6 6. 0-0 Bg7 7. c4 0-0 8. Nc2 d6 9. Nc3 Be6 10. Nd5 Rc8 11. Bg5 Nd7 12. e4 Nb6 13. Qe2 h6 14. Be3 Na4 15. b3 Bxa1 16. Rxa1 Nc5 17. Bxh6 Re8 18. Bd2 Nd7 19. Nf4 Nf8 20. Nxe6 Nxe6 21. h4 Ng7 22. Rd1 Ne5 23. f4 Nd7 24. Ne3 e6 25. Bc3 Qe7 26. Kh2 Nh5 27. Bf3 Nxf4 28. gxf4 Qxh4+ 29. Kg2 Qxf4 30. Ng4 Ne5 31. Rh1 Kg7 32. Bd2 Qxf3+ 33. Qxf3 Nxf3 34. Bh6+ Kg8 35. Nf6+ Kh8 36. Bf8+ 1-0

[Event "SWE-chT 1415 Elite"]
[Site "Sweden"]
[Date "2015.03.20"]
[Round "7"]
[White "Lauritzson, Peter"]
[Black "Johansson, Robin"]
[Result "1/2-1/2"]
[WhiteElo "2128"]
[BlackElo "2141"]
[PlyCount "88"]
[EventDate "2014.11.21"]
[EventType "team-tourn"]
[EventRounds "9"]
[EventCountry "SWE"]
[SourceTitle "EXT 2018"]
[Source "ChessBase"]
[SourceDate "2017.10.13"]
[SourceVersion "1"]
[SourceVersionDate "2017.10.13"]
[SourceQuality "1"]
[WhiteTeam "Orgryte"]
[BlackTeam "Kungstornet"]
[WhiteTeamCountry "SWE"]
[BlackTeamCountry "SWE"]

1. Nf3 Nc6 2. d4 d5 3. g3 Be6 4. Bg2 Qd7 5. 0-0 0-0-0 6. c4 dxc4 7. Nc3 Bh3 8. Qa4 Bxg2 9. Kxg2 Nf6 10. Qxc4 e6 11. a4 Bb4 12. Bg5 h6 13. Bxf6 gxf6 14. e4 Qe7 15. a5 Nxa5 16. Qa2 Rhg8 17. Rfc1 Bxc3 18. bxc3 b6 19. Nd2 Qd7 20. Nb3 Rg5 21. d5 Rxd5 22. c4 Rd3 23. Nxa5 Rd2 24. Qa3 Qd4 25. Qf3 bxa5 26. Rxa5 Qb2 27. Rf1 Qb6 28. Rb5 Qc6 29. Rfb1 R8d3 30. Qf4 f5 31. Rb8+ Kd7 32. Re1 Qc5 33. exf5 Qxf5 34. Qxf5 exf5 35. Re5 f4 36. gxf4 Ra3 37. Rf5 Raa2 38. Kf3 Rxf2+ 39. Ke4 Rfe2+ 40. Kd4 Ke6 41. Rc5 Rad2+ 42. Kc3 Rc2+ 43. Kd4 Rcd2+ 44. Kc3 Rc2+ 1/2-1/2

[Event "SWE-chC op"]
[Site "Lund"]
[Date "2010.07.09"]
[Round "7"]
[White "Lauritzson, Peter"]
[Black "Hedin, Gunnar"]
[Result "1/2-1/2"]
[WhiteElo "2109"]
[BlackElo "2120"]
[PlyCount "61"]
[EventDate "2010.07.03"]
[EventType "swiss"]
[EventRounds "9"]
[EventCountry "SWE"]
[SourceTitle "CBM 137 Extra"]
[Source "ChessBase"]
[SourceDate "2010.09.01"]
[SourceVersion "1"]
[SourceVersionDate "2010.09.01"]
[SourceQuality "1"]

1. Nf3 f5 2. d3 d6 3. e4 Nc6 4. Nc3 Nf6 5. exf5 Bxf5 6. d4 e6 7. Bd3 Bxd3 8. Qxd3 Qd7 9. 0-0 0-0-0 10. b4 Nxb4 11. Qc4 Nbd5 12. Nxd5 exd5 13. Qb3 Re8 14. a4 Be7 15. Bd2 c6 16. a5 a6 17. Rab1 Bd8 18. Rb2 Re7 19. Rfb1 Kb8 20. Qd3 Ka7 21. h3 Ne4 22. Bg5 Nxg5 23. Nxg5 h6 24. Nf3 Rhe8 25. c4 dxc4 26. Qxc4 Qf5 27. Qb4 Bxa5 28. Qxd6 Qd5 29. Qa3 Bd8 30. Ne5 c5 31. Qxc5+ 1/2-1/2

[Event "SWE-chT2 0910"]
[Site "Sweden"]
[Date "2010.03.14"]
[Round "9"]
[White "Drugge, Patrick"]
[Black "Lauritzson, Peter"]
[Result "1-0"]
[WhiteElo "2224"]
[BlackElo "2098"]
[PlyCount "71"]
[EventDate "2009.10.24"]
[EventType "team"]
[EventRounds "9"]
[EventCountry "SWE"]
[SourceTitle "EXT 2011"]
[Source "ChessBase"]
[SourceDate "2010.11.26"]
[SourceVersion "1"]
[SourceVersionDate "2010.11.26"]
[SourceQuality "1"]
[WhiteTeam "Orebro"]
[BlackTeam "Orgryte"]
[WhiteTeamCountry "SWE"]
[BlackTeamCountry "SWE"]

1. e4 c5 2. Nc3 Nc6 3. g3 e5 4. Bg2 g6 5. d3 Bg7 6. f4 exf4 7. Bxf4 d6 8. Nf3 Nge7 9. Qd2 0-0 10. Bh6 Be6 11. 0-0 a6 12. a4 Qd7 13. Rf2 Nd4 14. Bxg7 Nxf3+ 15. Rxf3 Kxg7 16. d4 Bg4 17. Rf4 cxd4 18. Nd5 Nxd5 19. exd5 h5 20. Qxd4+ Kg8 21. Rf6 Rac8 22. c3 Qe7 23. Qf4 Rcd8 24. Rf1 a5 25. h3 Bc8 26. g4 hxg4 27. hxg4 Kg7 28. b4 Bxg4 29. Qxg4 Qe3+ 30. R1f2 Qxc3 31. Qf4 Rd7 32. Rxg6+ Kxg6 33. Be4+ f5 34. Qg4+ Kf7 35. Qxf5+ Ke7 36. Qxf8# 1-0

[Event "SWE-chT2 0910"]
[Site "Sweden"]
[Date "2010.03.13"]
[Round "8"]
[White "Todorovic, Zoran"]
[Black "Lauritzson, Peter"]
[Result "0-1"]
[WhiteElo "2099"]
[BlackElo "2098"]
[PlyCount "78"]
[EventDate "2009.10.24"]
[EventType "team"]
[EventRounds "9"]
[EventCountry "SWE"]
[SourceTitle "EXT 2011"]
[Source "ChessBase"]
[SourceDate "2010.11.26"]
[SourceVersion "1"]
[SourceVersionDate "2010.11.26"]
[SourceQuality "1"]
[WhiteTeam "Stockholm Rockaden II"]
[BlackTeam "Orgryte"]
[WhiteTeamCountry "SWE"]
[BlackTeamCountry "SWE"]

1. e4 c5 2. Nf3 Nc6 3. d4 cxd4 4. Nxd4 e5 5. Nb5 d6 6. N1c3 a6 7. Na3 b5 8. Nd5 Nge7 9. Bg5 h6 10. Bh4 Qa5+ 11. c3 Nxd5 12. Qxd5 Bb7 13. Be2 Qc7 14. Qd2 Be7 15. Bxe7 Nxe7 16. f3 0-0 17. 0-0 d5 18. Qe3 Rad8 19. Rfc1 f5 20. exf5 Nxf5 21. Qf2 Qe7 22. Nc2 Qg5 23. Rd1 h5 24. a4 h4 25. axb5 axb5 26. Bxb5 h3 27. Ra4 d4 28. cxd4 Nh4 29. d5 Nxf3+ 30. Kh1 Nd4 31. Qg3 hxg2+ 32. Qxg2 Bxd5 33. Qxd5+ Rxd5 34. Bc4 Nxc2 35. Bxd5+ Kh8 36. Rg1 Qd8 37. Be4 Ne3 38. Rga1 Qh4 39. Bf5 Qf2 0-1

[Event "SWE-chT2 0910"]
[Site "Sweden"]
[Date "2010.02.06"]
[Round "5"]
[White "Lauritzson, Peter"]
[Black "Bergre, Joachim"]
[Result "1/2-1/2"]
[WhiteElo "2098"]
[BlackElo "2130"]
[PlyCount "25"]
[EventDate "2009.10.24"]
[EventType "team"]
[EventRounds "9"]
[EventCountry "SWE"]
[SourceTitle "EXT 2011"]
[Source "ChessBase"]
[SourceDate "2010.11.26"]
[SourceVersion "1"]
[SourceVersionDate "2010.11.26"]
[SourceQuality "1"]
[WhiteTeam "Orgryte"]
[BlackTeam "Manhem II"]
[WhiteTeamCountry "SWE"]
[BlackTeamCountry "SWE"]

1. Nf3 g6 2. g3 Bg7 3. d4 Nf6 4. Bg2 0-0 5. 0-0 d6 6. c4 c5 7. dxc5 dxc5 8. Nc3 Nc6 9. Be3 Be6 10. Bxc5 Qa5 11. Be3 Bxc4 12. Nd4 Nxd4 13. Qxd4 1/2-1/2